000 00771nam a22002417a 4500
005 20170124105916.0
010 _aB-223554
020 _a9788176297028
_c480.00
035 _aB-223554
037 _bCen Lib/Ret
040 _aDPL
_bEN
082 _a338.95412
_bMAN
100 _aMandeep Singh
_92813
245 _aPunjab Today /
_cby Mandeep Singh [and] Harvinder Kaur
260 _aNew Delhi
_bDeep and Deep Publications
_c2005
270 _aF-159,Rajouri Garden
_bNew Delhi
_e110027
300 _axi,292p.
_c23cm(Hb)
500 _aIncludes bibliographical reference and index
650 _aGeographical Area
_zPunjab
_92814
650 _aHuman Resource Development
_92815
700 _aKaur,Harvinder
_959076
942 _2ddc
_cEN
_h338.95412
_mMAN
999 _c122872
_d122872